000
00287nam a22001097a 4500
082
_a
621.381528 UPT'A
100
_a
ASM
_9
61284
245
_a
UP TO WORLDS TRANSISTO COMPARISON TBLE , WITH BRIEF CHARACTERISTICS DESCRIPTION
260
_a
CHINA
_b
TTP
_c
1990
300
_a
790P
942
_c
BK
999
_c
570788
_d
570788